Discrete stochastics
Αποθηκεύτηκε σε:
| Κύριος συγγραφέας: | |
|---|---|
| Μορφή: | Βιβλίο |
| Γλώσσα: | English |
| Δημοσίευση: |
Basel ; Boston :
Birkhauser Verlag,
1992
|
| Σειρά: | Basler Lehrbucher ;
; 3 |
| Θέματα: | |
| Ετικέτες: |
Προσθήκη ετικέτας
Δεν υπάρχουν, Καταχωρήστε ετικέτα πρώτοι!
|
MARC
| LEADER | 00000nam a2200000 i 4500 | ||
|---|---|---|---|
| 001 | 1/76438 | ||
| 008 | 990519s1992 eng d | ||
| 020 | |a 3-7643-2591-7 |c ε39.00 (at 11/96) | ||
| 035 | |l 10049603 | ||
| 040 | |a GR-MY-UA |b gre |e aacr | ||
| 041 | 0 | |a eng | |
| 082 | 0 | |a 519.2 | |
| 100 | 1 | |a Jacobs, Konrad |d 1928- | |
| 245 | 1 | 0 | |a Discrete stochastics / |c Konrad Jacobs |
| 260 | |a Basel ; Boston : |b Birkhauser Verlag, |c 1992 | ||
| 300 | |a x, 283 p.; |b ill.; |c 24 cm. | ||
| 490 | 1 | |a Basler Lehrbucher |v ; 3 | |
| 500 | |a Includes bibliogra[phical references and index | ||
| 650 | 0 | 0 | |a Stochastic processes. |
| 830 | 0 | |a Basler Lehrbucher ; |v ; 3 | |
| 852 | |a INST |b SAMOS |e 19990519 |h 519.2 JAC |p 005300014853 |q 005300014853 |t BK |y 0 | ||
| 901 | |a BIBL3-1999-2 | ||
| 909 | |a Σ |b 064556 | ||
| 922 | |a 3ΕΛΗ |b 199903 |c ΚΠΣ |d GLORY | ||
| 950 | |a 116-1998-08-10 | ||